[Event "Kort Paaske Gruppe 2 2014"]
[Site "Skorping"]
[Date "2014.04.17"]
[Round "1"]
[White "Christensen, Bent H"]
[Black "Balslev, Uffe"]
[Result "0-1"]
[WhiteElo "1339"]
[BlackElo "1637"]
[PlyCount "104"]
[EventDate "2014.??.??"]

1. e4 c5 2. Nc3 d6 3. Nf3 Nf6 4. Bc4 e6 5. d3 a6 6. a4 Nc6 7. Bg5 Be7 8. O-O b6
9. Ne2 h6 10. Bd2 Bb7 11. Bc3 Qc7 12. Ng3 Rd8 13. Bb3 Rd7 14. Qe2 O-O 15. h3 b5
16. e5 Ne8 17. axb5 axb5 18. Rfe1 d5 19. Bd2 c4 20. Ba2 Bc5 21. c3 Qb6 22. Bb1
d4 23. cxd4 Nxd4 24. Nxd4 Bxd4 25. Bc3 f5 26. Bxd4 Qxd4 27. Rd1 Nc7 28. Ba2 c3
29. bxc3 Qxc3 30. Qf1 Nd5 31. Ne2 Qxe5 32. Rab1 b4 33. Bxd5 Bxd5 34. Rxb4 Rfd8
35. Nf4 Be4 36. g3 Bf3 37. Re1 Qc3 38. Rc4 Qb3 39. Nxe6 Rxd3 40. Nxd8 Qxc4 41.
Rc1 Qb3 42. Ne6 Bb7 43. Nc5 Rxg3+ 44. Kh2 Qb2 45. Kxg3 Qe5+ 46. f4 Qe3+ 47. Kh2
Qd2+ 48. Kg3 Qe3+ 49. Kh4 Bf3 50. Ne6 g5+ 51. Kg3 Be2+ 52. Kh2 Bxf1 0-1

[Event "Kort Paaske Gruppe 2 2014"]
[Site "Skorping"]
[Date "2014.04.17"]
[Round "1"]
[White "Christensen, Dan"]
[Black "Olsen, Martin"]
[Result "0-1"]
[WhiteElo "1230"]
[BlackElo "1571"]
[PlyCount "80"]
[EventDate "2014.??.??"]

1. d4 Nf6 2. g3 e6 3. Bg2 d5 4. Nc3 c5 5. e3 Nc6 6. Nf3 cxd4 7. exd4 Bb4 8. Qd3
Qa5 9. O-O b6 10. Ne2 Ba6 11. Qd1 Qb5 12. Nf4 Ne7 13. c3 Bd6 14. Re1 O-O 15.
Bf1 Qc6 16. Bxa6 b5 17. Bxb5 Qxb5 18. Nd3 Ne4 19. Qc2 h6 20. Bf4 Ng6 21. Bxd6
Nxd6 22. Nc5 Rab8 23. Rab1 Nc4 24. Nd3 Rb6 25. Nd2 Nd6 26. f3 Qe8 27. Re2 Qc8
28. Nb3 Nc4 29. Nbc5 f6 30. Qa4 Rf7 31. Qd1 e5 32. Qe1 Re7 33. Nb3 Qa6 34. Nb4
Qb7 35. Nc5 Qa8 36. Nb3 e4 37. fxe4 dxe4 38. Nc5 e3 39. b3 Nd2 40. Rb2 Nf3+ 0-1

[Event "Kort Paaske Gruppe 2 2014"]
[Site "Skorping"]
[Date "2014.04.17"]
[Round "1"]
[White "Hansen, Norman Asger"]
[Black "Jacobsen, Claus"]
[Result "0-1"]
[WhiteElo "1672"]
[BlackElo "1403"]
[PlyCount "82"]
[EventDate "2014.??.??"]

1. d4 d5 2. c4 Nf6 3. Nc3 e6 4. Nf3 Nc6 5. Bg5 Be7 6. e3 b6 7. cxd5 Nxd5 8.
Bxe7 Ndxe7 9. Bb5 Bb7 10. O-O f6 11. Rc1 Qd6 12. a3 O-O-O 13. Be2 g5 14. h3 h5
15. Ne4 Qd5 16. Nc3 Qd7 17. Nd2 h4 18. Nde4 Ng8 19. Bf3 Qg7 20. Qb3 Qf7 21. Nd2
Nge7 22. Nb5 Kb8 23. Qd1 f5 24. b4 Rdg8 25. Nc4 g4 26. hxg4 fxg4 27. Bxg4 h3
28. Qf3 Qxf3 29. Bxf3 hxg2 30. Bxg2 Nxd4 31. f3 Nxf3+ 32. Kf2 Nd2 33. Nxd2
Rxg2+ 34. Ke1 Rhh2 35. Rc2 Be4 36. Rb2 Bd3 37. Rf8+ Nc8 38. Nd4 Rh1+ 39. Nf1
Rxb2 40. Nc6+ Kb7 41. Nd8+ Ka6 0-1

[Event "Kort Paaske Gruppe 2 2014"]
[Site "Skorping"]
[Date "2014.04.17"]
[Round "1"]
[White "Kakulidis, Ellen"]
[Black "Sorensen, Svend Aage"]
[Result "1-0"]
[WhiteElo "1555"]
[BlackElo "1141"]
[PlyCount "58"]
[EventDate "2014.??.??"]

1. d4 d5 2. c4 e6 3. Nc3 Bb4 4. Nf3 h6 5. e3 Nf6 6. Bd2 Bxc3 7. Bxc3 O-O 8. Bd3
a5 9. O-O b6 10. cxd5 Nxd5 11. Bd2 Bb7 12. a3 Qf6 13. Rc1 c6 14. Ne5 Ne7 15.
Qb3 Nd5 16. Qd1 b5 17. Qh5 Qg5 18. Qe2 Qe7 19. e4 Nf6 20. b4 a4 21. Rc2 Kh7 22.
Rfc1 Ra6 23. Qe3 Ng8 24. Ng4 Qh4 25. Ne5 Qg5 26. Qh3 Qf6 27. Nd7 Nxd7 28. e5+
g6 29. exf6 Ndxf6 1-0

[Event "Kort Paaske Gruppe 2 2014"]
[Site "Skorping"]
[Date "2014.04.17"]
[Round "1"]
[White "Kristensen, Peter Duun"]
[Black "Petersen, Lasse Emil"]
[Result "0-1"]
[WhiteElo "1128"]
[BlackElo "1534"]
[PlyCount "89"]
[EventDate "2014.??.??"]

1. d4 d5 2. e3 Bf5 3. f4 Nf6 4. Nf3 Nbd7 5. Nbd2 e6 6. c4 c6 7. c5 b6 8. b4 a5
9. b5 cxb5 10. Bxb5 bxc5 11. dxc5 Bxc5 12. Nb3 Bb4+ 13. Bd2 Bxd2+ 14. Qxd2 O-O
15. Bxd7 Nxd7 16. O-O Qb6 17. Nbd4 Be4 18. Rfc1 Rac8 19. Rxc8 Rxc8 20. Rc1
Rxc1+ 21. Qxc1 Qb1 22. Qxb1 Bxb1 23. a3 Nb6 24. Nd2 Bd3 25. N2b3 Nc4 26. Kf2 h5
27. Nc5 Bb1 28. a4 Kf8 29. h3 Ke7 30. g4 hxg4 31. hxg4 g6 32. Nc6+ Kd6 33. Nxa5
Kxc5 34. Nb7+ Kb4 35. Nd8 Nd6 36. Nc6+ Kxa4 37. Nd4 Kb4 38. Kg3 Kc3 39. Ne2+
Kd2 40. Kf3 Bc2 41. Ng3 Bd1+ 42. Kf2 Ne4+ 43. Nxe4+ dxe4 44. g5 Bf3 45. Kg3 0-1

[Event "Kort Paaske Gruppe 2 2014"]
[Site "Skorping"]
[Date "2014.04.17"]
[Round "1"]
[White "Lenskjaer, Stig Ali"]
[Black "Simonsen, Poul Erik"]
[Result "0-1"]
[WhiteElo "1461"]
[BlackElo "1000"]
[PlyCount "45"]
[EventDate "2014.??.??"]

1. e4 e5 2. Nc3 Nf6 3. Bc4 Bc5 4. h3 a6 5. a4 Nc6 6. d3 h6 7. Nd5 d6 8. Nf3 O-O
9. c3 Be6 10. b4 Ba7 11. Bd2 Bxd5 12. exd5 Ne7 13. Qb3 Qd7 14. b5 a5 15. g4 Ng6
16. Qc2 Rae8 17. Be3 Bxe3 18. fxe3 e4 19. Nd4 exd3 20. Qxd3 Ne5 21. Qe2 Nxc4
22. Qxc4 Kh8 23. Kd2 0-1

[Event "Kort Paaske Gruppe 2 2014"]
[Site "Skorping"]
[Date "2014.04.17"]
[Round "1"]
[White "Sorensen, Bernhard W"]
[Black "Badsbjerg, Allan"]
[Result "1-0"]
[WhiteElo "1633"]
[BlackElo "1319"]
[PlyCount "75"]
[EventDate "2014.??.??"]

1. e4 e5 2. Nf3 Nc6 3. d4 d6 4. dxe5 Qe7 5. exd6 Qxe4+ 6. Qe2 Qxe2+ 7. Bxe2
Bxd6 8. O-O Bf5 9. c3 Nf6 10. Bb5 O-O 11. Bxc6 bxc6 12. Nd4 Be4 13. Bg5 Nd7 14.
Nd2 Bd3 15. Rfe1 f6 16. Be3 Ne5 17. h3 Rae8 18. N4b3 Re7 19. Bxa7 Rfe8 20. Bc5
Nc4 21. Rxe7 Rxe7 22. Bxd6 cxd6 23. Nxc4 Bxc4 24. Nd4 c5 25. Nf5 Re6 26. b3 Ba6
27. Rd1 Re2 28. a4 c4 29. b4 Rc2 30. Rxd6 Rxc3 31. Rxa6 Rc2 32. Nd6 Kf8 33. Ra7
c3 34. Rf7+ Kg8 35. Rc7 Kf8 36. b5 Rd2 37. Ne4 Ke8 38. Nxc3 1-0

[Event "Kort Paaske Gruppe 2 2014"]
[Site "Skorping"]
[Date "2014.04.17"]
[Round "1"]
[White "Thomsen, Jorgen Kirch"]
[Black "Madsen, Per"]
[Result "0-1"]
[WhiteElo "1437"]
[BlackElo "1698"]
[PlyCount "132"]
[EventDate "2014.??.??"]

1. e4 c5 2. d3 g6 3. f4 d6 4. Nf3 Bg7 5. Be2 Nc6 6. c3 e6 7. O-O a6 8. Na3 Nge7
9. Nc2 b5 10. a3 Bb7 11. Be3 O-O 12. Rb1 Qc7 13. Qe1 Rad8 14. Qh4 f6 15. Nd2 f5
16. Bf3 Rd7 17. Qf2 fxe4 18. dxe4 e5 19. Bg4 Rdd8 20. Be6+ Kh8 21. f5 Bc8 22.
Bxc8 Qxc8 23. Bg5 gxf5 24. Qh4 Rde8 25. Ne3 Ng6 26. Qe1 fxe4 27. Nxe4 Rxf1+ 28.
Qxf1 Rf8 29. Qd1 Qd7 30. Qxd6 Qxd6 31. Nxd6 h6 32. Bxh6 Bxh6 33. Nef5 Bg7 34.
Rf1 Kg8 35. g3 c4 36. h4 Nge7 37. Nxg7 Kxg7 38. Rxf8 Kxf8 39. Kf2 Ng6 40. Ke3
Ke7 41. Nf5+ Kf6 42. Ke4 Nge7 43. Ne3 Ke6 44. g4 Nd8 45. g5 Nf7 46. Kf3 Nf5 47.
Ng2 Ng7 48. Ne3 Nd6 49. Kg4 Ne4 50. h5 Nf2+ 51. Kf3 Nxh5 52. Kxf2 Nf4 53. Kf3
Nd3 54. Nd1 Kf5 55. Ne3+ Kxg5 56. Nd5 Nxb2 57. Nc7 Na4 58. Nxa6 Nxc3 59. Nc7
Kf5 60. Ke3 Kf6 61. Kd2 Nb1+ 62. Kc2 Nxa3+ 63. Kb2 b4 64. Nd5+ Kf5 65. Nxb4 Nb5
66. Kc2 Ke4 0-1

[Event "Kort Paaske Gruppe 2 2014"]
[Site "Skorping"]
[Date "2014.04.17"]
[Round "2"]
[White "Badsbjerg, Allan"]
[Black "Hansen, Norman Asger"]
[Result "1-0"]
[WhiteElo "1319"]
[BlackElo "1672"]
[PlyCount "87"]
[EventDate "2014.??.??"]

1. e4 c5 2. d3 Nc6 3. Be2 d6 4. Bd2 Nf6 5. Nc3 e6 6. Nf3 Be7 7. O-O O-O 8. Be3
Bd7 9. d4 cxd4 10. Bxd4 a6 11. Bxf6 gxf6 12. a3 Ne5 13. Nd4 Ng6 14. Bg4 Qc8 15.
Re1 f5 16. Bh5 Bf6 17. Nde2 Be5 18. exf5 exf5 19. Nd5 Qd8 20. c3 Bc6 21. Bf3
Qg5 22. g3 Rab8 23. Nd4 Bxd5 24. Bxd5 f4 25. Nf3 Qf6 26. g4 Nh4 27. Nxh4 Qxh4
28. Qf3 Kh8 29. Kh1 Qg5 30. Rab1 b6 31. Rg1 Rg8 32. h3 Rg7 33. Rg2 Rbg8 34.
Rbg1 Qh4 35. Rh2 Rf8 36. Rhg2 Rg5 37. b3 Rg7 38. Bb7 a5 39. a4 Qf6 40. Bc6 Bxc3
41. g5 Qe5 42. Rg4 d5 43. Qxd5 Qxd5+ 44. Bxd5 1-0

[Event "Kort Paaske Gruppe 2 2014"]
[Site "Skorping"]
[Date "2014.04.17"]
[Round "2"]
[White "Balslev, Uffe"]
[Black "Petersen, Lasse Emil"]
[Result "0-1"]
[WhiteElo "1637"]
[BlackElo "1534"]
[PlyCount "96"]
[EventDate "2014.??.??"]

1. d4 Nf6 2. c4 e6 3. Nc3 d5 4. Bg5 Be7 5. Nf3 c6 6. e3 Nbd7 7. Rc1 O-O 8. Bd3
b6 9. O-O Bb7 10. cxd5 cxd5 11. Qe2 a6 12. Rc2 b5 13. Rfc1 Rc8 14. Nd2 Nb6 15.
b3 Ba3 16. Rf1 Be7 17. f4 h6 18. Bxf6 Bxf6 19. Rf3 b4 20. Nd1 Rxc2 21. Bxc2 Bh4
22. Rh3 Bc8 23. Nf3 Bf6 24. Rg3 Be7 25. Ne5 f5 26. Qh5 Rf6 27. Nf2 Bd7 28. Nfg4
fxg4 29. Nxg4 Kf8 30. Bh7 Be8 31. Qh3 Qc8 32. Nxf6 Bxf6 33. Rf3 Bb5 34. g4 Qc1+
35. Kg2 Ke7 36. Bg6 Kd6 37. g5 hxg5 38. fxg5 Be7 39. Rf2 Qd1 40. Qg3+ Kd7 41.
h4 Bd6 42. Qh3 Be2 43. Rf7+ Be7 44. Qg3 Kd8 45. Qf2 Bd6 46. Rxg7 Bf1+ 47. Kh1
Bh3+ 48. Qg1 Qf3+ 0-1

[Event "Kort Paaske Gruppe 2 2014"]
[Site "Skorping"]
[Date "2014.04.17"]
[Round "2"]
[White "Christensen, Dan"]
[Black "Lenskjaer, Stig Ali"]
[Result "1-0"]
[WhiteElo "1230"]
[BlackElo "1461"]
[PlyCount "125"]
[EventDate "2014.??.??"]

1. d4 Nf6 2. g3 c6 3. Bg2 d5 4. f4 Bf5 5. Nf3 h6 6. Nbd2 Ne4 7. Nh4 Nd6 8. Nxf5
Nxf5 9. Nf3 Qb6 10. c3 Nd7 11. Bh3 g6 12. Bxf5 gxf5 13. Qc2 e6 14. Ne5 Nf6 15.
Be3 Rg8 16. Bf2 Ne4 17. a3 f6 18. Nd3 Rg7 19. e3 Qc7 20. c4 b6 21. b4 Rc8 22.
Rc1 Nd6 23. cxd5 cxd5 24. Qa4+ Qd7 25. Rxc8+ Nxc8 26. Qd1 Nd6 27. O-O Nc4 28.
Qh5+ Qf7 29. Qd1 Qd7 30. a4 Nd6 31. Be1 Nc4 32. Bf2 Qf7 33. Qe2 Qg8 34. Rc1 Qh7
35. Be1 h5 36. Nb2 Nd6 37. Rc2 Rd7 38. Rc6 Kd8 39. b5 Qf7 40. Qc2 Rc7 41. Bb4
Rxc6 42. Qxc6 Qb7 43. Qxb7 Nxb7 44. Bxf8 Ke8 45. Bb4 Kd7 46. Kg2 Nd8 47. Kh3
Nf7 48. Nd3 Nh6 49. Nf2 e5 50. Kh4 Ng4 51. Nxg4 hxg4 52. Kh5 Ke6 53. Kg6 exd4
54. exd4 a5 55. bxa6 Kd7 56. a7 Kc7 57. a8=Q b5 58. Qxd5 Kb6 59. a5+ Kc7 60.
Bd6+ Kc8 61. Qc6+ Kd8 62. Qc7+ Ke8 63. Qe7# 1-0

[Event "Kort Paaske Gruppe 2 2014"]
[Site "Skorping"]
[Date "2014.04.17"]
[Round "2"]
[White "Jacobsen, Claus"]
[Black "Sorensen, Bernhard W"]
[Result "0-1"]
[WhiteElo "1403"]
[BlackElo "1633"]
[PlyCount "96"]
[EventDate "2014.??.??"]

1. e4 e6 2. d4 d5 3. e5 c5 4. c3 Qb6 5. Nf3 Nc6 6. a3 Bd7 7. Be2 Be7 8. O-O c4
9. Nbd2 h5 10. Rb1 Qd8 11. b3 cxb3 12. Nxb3 b6 13. a4 Rc8 14. Rb2 Nb8 15. Bb5
Bxb5 16. axb5 Rxc3 17. Ra2 Qd7 18. Bd2 Rc4 19. Na5 bxa5 20. Rxa5 Bd8 21. Ra2
Bb6 22. Qb3 Ne7 23. Be3 Nf5 24. Rd1 O-O 25. h3 Rfc8 26. Qb1 Nxe3 27. fxe3 Qe7
28. h4 Rc3 29. Re2 R8c4 30. Ng5 g6 31. Rf1 Qc7 32. Ref2 Rc1 33. Rxf7 Rxb1 34.
Rxc7 Rxf1+ 35. Kxf1 Rxc7 36. Nxe6 Rc1+ 37. Kf2 Rb1 38. Nf4 Rxb5 39. Nxg6 Kg7
40. Nf4 Bd8 41. Kg3 a5 42. Nd3 Rb3 43. Nf4 Rxe3+ 44. Kf2 Re4 45. g3 a4 46. Nxd5
a3 47. Nc3 Rxd4 48. Ke2 Ba5 0-1

[Event "Kort Paaske Gruppe 2 2014"]
[Site "Skorping"]
[Date "2014.04.17"]
[Round "2"]
[White "Kristensen, Peter Duun"]
[Black "Christensen, Bent H"]
[Result "1-0"]
[WhiteElo "1128"]
[BlackElo "1339"]
[PlyCount "77"]
[EventDate "2014.??.??"]

1. d4 d5 2. e3 Nf6 3. f4 a6 4. Nf3 Nc6 5. Nbd2 Bf5 6. a3 Ne4 7. c4 e6 8. Qb3
Rb8 9. c5 Be7 10. Be2 O-O 11. O-O Bg4 12. Qd1 b6 13. Ne5 Nxe5 14. fxe5 Bf5 15.
Nxe4 Bxe4 16. b4 c6 17. Bxa6 b5 18. a4 Ra8 19. axb5 cxb5 20. Bb2 f6 21. Bxb5
Rxa1 22. Bxa1 Qb8 23. Qe2 fxe5 24. dxe5 Rxf1+ 25. Qxf1 Qa8 26. Bc3 h6 27. Bd7
Bf5 28. c6 Bd8 29. h3 Bc7 30. g4 Qa3 31. Qe1 Be4 32. Bxe6+ Kh8 33. Bd4 Qa2 34.
Qf2 Qb1+ 35. Qf1 Bd3 36. Qxb1 Bxb1 37. Bxd5 Kh7 38. b5 Bg6 39. b6 1-0

[Event "Kort Paaske Gruppe 2 2014"]
[Site "Skorping"]
[Date "2014.04.17"]
[Round "2"]
[White "Madsen, Per"]
[Black "Kakulidis, Ellen"]
[Result "0-1"]
[WhiteElo "1698"]
[BlackElo "1555"]
[PlyCount "108"]
[EventDate "2014.??.??"]

1. c4 e6 2. g3 Nf6 3. Bg2 Nc6 4. Nc3 Bb4 5. a3 Bxc3 6. bxc3 d6 7. Rb1 Ne5 8.
Nh3 O-O 9. d3 Rb8 10. O-O b6 11. Qb3 Bb7 12. f3 Qe7 13. Nf2 Rfd8 14. d4 Ned7
15. Qc2 e5 16. Re1 Qe6 17. d5 Qe7 18. e4 Nc5 19. Be3 Nfd7 20. Qd2 Rf8 21. Bh3
Ba6 22. Bf1 f6 23. Be2 Qf7 24. Kg2 Qg6 25. Rg1 f5 26. exf5 Qxf5 27. g4 Qg6 28.
Rbf1 Qf7 29. Kh1 Qg6 30. Rg2 Rbe8 31. Nh3 e4 32. f4 Qf6 33. g5 Qg6 34. Nf2 Re7
35. h4 h5 36. Qd1 Nd3 37. Bxh5 Nxf2+ 38. Rfxf2 Qf5 39. Bg4 Qf7 40. Qe2 Nc5 41.
Bxc5 dxc5 42. Rg3 Qe8 43. Re3 Qa4 44. Be6+ Rxe6 45. dxe6 Bxc4 46. Qh5 Rf5 47.
Rxe4 Bd5 48. Kg1 Qxe4 49. Kf1 Bc4+ 50. Kg1 Qe1+ 51. Kg2 Bd5+ 52. Kg3 Qg1+ 53.
Kh3 Qxf2 54. Qg4 Qf1+ 0-1

[Event "Kort Paaske Gruppe 2 2014"]
[Site "Skorping"]
[Date "2014.04.17"]
[Round "2"]
[White "Olsen, Martin"]
[Black "Simonsen, Poul Erik"]
[Result "1-0"]
[WhiteElo "1571"]
[BlackElo "1000"]
[PlyCount "84"]
[EventDate "2014.??.??"]

1. c4 e5 2. Nc3 Nf6 3. Nf3 Nc6 4. g3 Bc5 5. Bg2 d6 6. O-O Bd7 7. d3 h6 8. a3 a6
9. Nd2 O-O 10. Nde4 Ba7 11. Nd5 Nxe4 12. Bxe4 Rb8 13. Bg2 Nd4 14. Nc3 c6 15. e3
Ne6 16. b4 Qc7 17. Bb2 f5 18. Rc1 f4 19. exf4 exf4 20. Nd5 Qd8 21. Nc3 fxg3 22.
hxg3 Qg5 23. Ne4 Qe7 24. Bh3 Rf7 25. d4 d5 26. cxd5 cxd5 27. Nc3 Nxd4 28. Nxd5
Nf3+ 29. Kg2 Bxh3+ 30. Kxh3 Qe6+ 31. Kg2 Rd8 32. Nf6+ Rxf6 33. Qxd8+ Rf8 34.
Qc7 Rf7 35. Qc8+ Qxc8 36. Rxc8+ Kh7 37. Rfc1 Nd2 38. f4 Ne4 39. R8c7 Nd6 40.
Be5 Rxc7 41. Rxc7 Ne8 42. Rxb7 Be3 1-0

[Event "Kort Paaske Gruppe 2 2014"]
[Site "Skorping"]
[Date "2014.04.17"]
[Round "2"]
[White "Sorensen, Svend Aage"]
[Black "Thomsen, Jorgen Kirch"]
[Result "1/2-1/2"]
[WhiteElo "1141"]
[BlackElo "1437"]
[PlyCount "138"]
[EventDate "2014.??.??"]

1. d4 d5 2. c4 e6 3. a3 Nf6 4. Bg5 Be7 5. Bxf6 Bxf6 6. e3 O-O 7. Nf3 Nc6 8. Be2
dxc4 9. Bxc4 e5 10. d5 e4 11. Nfd2 Na5 12. Ra2 Bf5 13. O-O Nxc4 14. Nxc4 c6 15.
dxc6 Qxd1 16. Rxd1 bxc6 17. b4 Be6 18. Rc1 Rad8 19. h3 Rd3 20. Nbd2 Bd5 21.
Rac2 Rd8 22. a4 h6 23. g3 g5 24. Na5 Bg7 25. Nb7 Rb8 26. Nc5 Rxb4 27. Nxd3 exd3
28. Rc5 Rxa4 29. e4 Bxe4 30. Nxe4 Rxe4 31. Rd1 Rd4 32. Rxc6 Rd7 33. Kg2 a5 34.
Rd2 a4 35. Rc1 a3 36. Rcd1 Kh7 37. Rxd3 Rxd3 38. Rxd3 a2 39. Ra3 a1=Q 40. Rxa1
Bxa1 41. g4 Kg6 42. Kf3 Kf6 43. Ke4 Ke6 44. f4 gxf4 45. Kxf4 Kf6 46. h4 Ke6 47.
h5 Bf6 48. Ke4 Bg5 49. Kd4 f5 50. gxf5+ Kxf5 51. Kd3 Kg4 52. Ke2 Kxh5 53. Kf3
Kh4 54. Kg2 h5 55. Kh2 Bf4+ 56. Kg2 Kg4 57. Kh1 Kh3 58. Kg1 Kg3 59. Kh1 h4 60.
Kg1 Kf3 61. Kh1 h3 62. Kg1 Bg3 63. Kh1 Be1 64. Kg1 Kg3 65. Kh1 Ba5 66. Kg1 Bc7
67. Kh1 Kf3 68. Kg1 Kg3 69. Kh1 h2 1/2-1/2

[Event "Kort Paaske Gruppe 2 2014"]
[Site "Skorping"]
[Date "2014.04.18"]
[Round "3"]
[White "Balslev, Uffe"]
[Black "Kristensen, Peter Duun"]
[Result "1-0"]
[WhiteElo "1637"]
[BlackElo "1128"]
[PlyCount "79"]
[EventDate "2014.??.??"]

1. e4 e5 2. Nf3 d6 3. c3 Bg4 4. Be2 Nf6 5. d3 Be7 6. Be3 c5 7. Qb3 b6 8. Nxe5
Be6 9. Qb5+ Nbd7 10. Nxd7 Bxd7 11. Qb3 Be6 12. Qc2 O-O 13. O-O Qd7 14. f4 Bg4
15. f5 Bxe2 16. Qxe2 Kh8 17. Nd2 Rg8 18. Rf3 d5 19. Rh3 g6 20. e5 Nh5 21. f6
Bf8 22. Rf1 d4 23. Bg5 dxc3 24. bxc3 Re8 25. Qe4 Re6 26. Rff3 Qe8 27. d4 cxd4
28. cxd4 Qa4 29. g4 Qd1+ 30. Nf1 Qa4 31. gxh5 Bc5 32. Rd3 Bxd4+ 33. Rxd4 Qe8
34. Bh6 Rxe5 35. Bg7+ Rxg7 36. fxg7+ Kxg7 37. h6+ Kf6 38. Rf3+ Kg5 39. Qf4+ Kh5
40. Ng3# 1-0

[Event "Kort Paaske Gruppe 2 2014"]
[Site "Skorping"]
[Date "2014.04.18"]
[Round "3"]
[White "Hansen, Norman Asger"]
[Black "Sorensen, Svend Aage"]
[Result "1-0"]
[WhiteElo "1672"]
[BlackElo "1141"]
[PlyCount "29"]
[EventDate "2014.??.??"]

1. d4 d5 2. c4 Bf5 3. Nc3 e6 4. Bf4 Bb4 5. e3 h6 6. h3 Nf6 7. Bd3 Bxd3 8. Qxd3
Ne4 9. cxd5 Qxd5 10. Nf3 c6 11. O-O Bxc3 12. bxc3 Nd6 13. Nd2 O-O 14. c4 Qf5
15. Qb3 1-0

[Event "Kort Paaske Gruppe 2 2014"]
[Site "Skorping"]
[Date "2014.04.18"]
[Round "3"]
[White "Lenskjaer, Stig Ali"]
[Black "Christensen, Bent H"]
[Result "1-0"]
[WhiteElo "1461"]
[BlackElo "1339"]
[PlyCount "57"]
[EventDate "2014.??.??"]

1. c4 e5 2. Nc3 Nc6 3. g3 Nf6 4. Bg2 Bc5 5. e3 O-O 6. Qc2 a6 7. Nf3 d6 8. Ng5
h6 9. h4 g6 10. Nge4 Bf5 11. Nxf6+ Qxf6 12. Nd5 Bxc2 13. Nxf6+ Kg7 14. Nd5 Bb6
15. b3 Bf5 16. Bb2 Be6 17. Nxb6 cxb6 18. Bc3 Nd8 19. Bb4 f6 20. Bxd6 Rf7 21.
Bb4 f5 22. Bc3 Kf6 23. f4 Nc6 24. fxe5+ Nxe5 25. d4 Ng4 26. d5+ Ke7 27. dxe6
Nxe3 28. exf7 Kxf7 29. Bxb7 1-0

[Event "Kort Paaske Gruppe 2 2014"]
[Site "Skorping"]
[Date "2014.04.18"]
[Round "3"]
[White "Madsen, Per"]
[Black "Christensen, Dan"]
[Result "1-0"]
[WhiteElo "1698"]
[BlackElo "1230"]
[PlyCount "95"]
[EventDate "2014.??.??"]

1. c4 c5 2. g3 e5 3. Bg2 Nf6 4. Nc3 d6 5. d3 Be7 6. e3 Nbd7 7. Nge2 a6 8. a3
Ra7 9. O-O b6 10. b4 Bb7 11. e4 Qc8 12. f4 Ba8 13. Be3 O-O 14. Bh3 Qd8 15. Rb1
Ne8 16. Nd5 Bxd5 17. exd5 Bf6 18. Qd2 g6 19. Nc3 Bg7 20. Ne4 Bh6 21. Rf2 f5 22.
Ng5 Bxg5 23. fxg5 Ng7 24. Rbf1 Qe8 25. Re1 Nb8 26. g4 Raf7 27. gxf5 Nxf5 28.
Bxf5 Rxf5 29. Rxf5 Rxf5 30. d4 Nd7 31. dxc5 bxc5 32. bxc5 Nxc5 33. Bxc5 dxc5
34. d6 Qd7 35. Qd5+ Kf8 36. Rxe5 Rxe5 37. Qxe5 Qg4+ 38. Kf2 Qf5+ 39. Qxf5+ gxf5
40. Kf3 Kf7 41. Kf4 Ke6 42. d7 Kxd7 43. Kxf5 Ke7 44. h4 Kf7 45. h5 a5 46. a4
Kg7 47. Ke5 Kf7 48. Kd5 1-0

[Event "Kort Paaske Gruppe 2 2014"]
[Site "Skorping"]
[Date "2014.04.18"]
[Round "3"]
[White "Petersen, Lasse Emil"]
[Black "Olsen, Martin"]
[Result "1-0"]
[WhiteElo "1534"]
[BlackElo "1571"]
[PlyCount "65"]
[EventDate "2014.??.??"]

1. d4 Nf6 2. c4 e6 3. Nf3 d5 4. Bg5 Be7 5. e3 c5 6. Nc3 Nc6 7. Be2 cxd4 8. Nxd4
O-O 9. cxd5 Nxd5 10. Nxc6 bxc6 11. Bxe7 Qxe7 12. Qc2 Rb8 13. a3 Qf6 14. Na4 Rd8
15. O-O Bb7 16. Nc5 Ba8 17. Rab1 Nb6 18. Rfd1 Rd5 19. Bf3 Rg5 20. Qd3 Rxc5 21.
Qd6 Nd7 22. Qxd7 g6 23. b4 Rc2 24. Qxa7 Rd8 25. Rxd8+ Qxd8 26. Rd1 Qc8 27. h3
Qb7 28. Rd8+ Kg7 29. Qxa8 Qb5 30. Rg8+ Kh6 31. Qf8+ Kg5 32. h4+ Kxh4 33. Qh6+
1-0

[Event "Kort Paaske Gruppe 2 2014"]
[Site "Skorping"]
[Date "2014.04.18"]
[Round "3"]
[White "Simonsen, Poul Erik"]
[Black "Jacobsen, Claus"]
[Result "1-0"]
[WhiteElo "1000"]
[BlackElo "1403"]
[PlyCount "57"]
[EventDate "2014.??.??"]

1. e4 c5 2. Nf3 g6 3. Bc4 e6 4. d3 d5 5. exd5 exd5 6. Bb5+ Nd7 7. O-O a6 8.
Re1+ Ne7 9. Bxd7+ Bxd7 10. Bg5 f6 11. Bxf6 Rg8 12. Qe2 g5 13. Nxg5 Rg6 14. Qh5
Bf5 15. Nxh7 Kd7 16. Bxe7 Bxe7 17. Qxf5+ Kc7 18. Qxg6 Kb8 19. Nd2 Ka7 20. Re5
Bd6 21. Re6 Bxh2+ 22. Kxh2 Qh4+ 23. Kg1 Qa4 24. Nb3 Qb4 25. a3 Qb5 26. Rae1 c4
27. dxc4 Qxc4 28. Qd3 Qf4 29. Qd4+ 1-0

[Event "Kort Paaske Gruppe 2 2014"]
[Site "Skorping"]
[Date "2014.04.18"]
[Round "3"]
[White "Sorensen, Bernhard W"]
[Black "Kakulidis, Ellen"]
[Result "1/2-1/2"]
[WhiteElo "1633"]
[BlackElo "1555"]
[PlyCount "40"]
[EventDate "2014.??.??"]

1. e4 e6 2. b3 d5 3. Bb2 dxe4 4. Nc3 Nf6 5. Qe2 Bb4 6. O-O-O Qe7 7. Nxe4 Nxe4
8. Qxe4 f6 9. d4 Nd7 10. Ne2 Bd6 11. Nc3 c6 12. Bd3 Nb6 13. Rhe1 Bd7 14. g3
O-O-O 15. Bf1 Rde8 16. f4 Nd5 17. Nxd5 exd5 18. Qxe7 Rxe7 19. Rxe7 Bxe7 20. Re1
Bd6 1/2-1/2

[Event "Kort Paaske Gruppe 2 2014"]
[Site "Skorping"]
[Date "2014.04.18"]
[Round "3"]
[White "Thomsen, Jorgen Kirch"]
[Black "Badsbjerg, Allan"]
[Result "1-0"]
[WhiteElo "1437"]
[BlackElo "1319"]
[PlyCount "75"]
[EventDate "2014.??.??"]

1. e4 e5 2. Nf3 d6 3. d4 Bg4 4. dxe5 Bxf3 5. Qxf3 dxe5 6. Bd3 Nd7 7. Be3 g6 8.
O-O Bg7 9. Nc3 c6 10. Rad1 Qc7 11. Bc4 Ngf6 12. Bb3 O-O 13. Qe2 b5 14. f3 a6
15. a4 Rab8 16. axb5 axb5 17. Ra1 Rb7 18. Qf2 Nb6 19. Rfb1 Nfd7 20. Nd1 Kh8 21.
Kh1 f5 22. exf5 Rxf5 23. Be6 Rf8 24. Bxd7 Nxd7 25. Nc3 Rfb8 26. Ne4 Bf8 27. c3
c5 28. Rc1 Ra7 29. Rxa7 Qxa7 30. b4 Rc8 31. h3 Qa3 32. Rd1 Rc7 33. Nxc5 Bxc5
34. Bxc5 Qxc3 35. Qh4 Nf8 36. Qf6+ Rg7 37. Qxf8+ Rg8 38. Qf6+ 1-0